| 000 | 00754nam a2200253Ia 4500 | ||
|---|---|---|---|
| 005 | 20250425162658.0 | ||
| 008 | 250425s9999 xx 000 0 und d | ||
| 020 | _a9789588815756 | ||
| 041 | _aspa | ||
| 043 | _ack | ||
| 082 |
_a621.382 _pRES |
||
| 100 | _aRestrepo Angulo, Jairo | ||
| 245 | 0 |
_aIngeniería de telecomunicaciones _bconceptos básicos _cJairo Restrepo Angulo |
|
| 250 | _aPrimera ed. | ||
| 260 |
_aColombia, Medellín _bSello Editorial _c2014 |
||
| 300 |
_a317 p. _bIlustrado _c24 cm |
||
| 500 | _aIncluye tabla de contenido, bibliografía | ||
| 650 | _aOndas electromagnéticas | ||
| 650 | _aRadiopropagación | ||
| 650 | _aSistema de telecomunicación | ||
| 902 |
_aMonográfico _cImpreso |
||
| 942 | _c01 | ||
| 010 | _a96304 | ||
| 999 |
_c234207 _d234207 |
||